Chapter I: Interjections (Record no. 20818)
[ view plain ]
| 000 -LEADER | |
|---|---|
| fixed length control field | 00641nam a2200121Ia 4500 |
| 008 - FIXED-LENGTH DATA ELEMENTS--GENERAL INFORMATION | |
| fixed length control field | 220616s9999||||xx |||||||||||||| ||und|| |
| 100 ## - MAIN ENTRY--PERSONAL NAME | |
| Personal name | Huang, Chu-Ren||Hsieh, Shu-Kai||Chen, Keh-Jiann |
| 245 #0 - TITLE STATEMENT | |
| Title | Chapter I: Interjections |
| 546 ## - LANGUAGE NOTE | |
| Language note | English[eng] |
| 650 ## - SUBJECT ADDED ENTRY--TOPICAL TERM | |
| Topical term or geographic name entry element | Chinese||Language Learning||Mandarin||Words and Speech||computational linguistics||Chinese syntax and semantics||lexicography||machine translation |
| 856 ## - ELECTRONIC LOCATION AND ACCESS | |
| Uniform Resource Identifier | <a href="https://library.oapen.org/bitstream/20.500.12657/50535/1/9781315669014_10.4324_9781315669014-17.pdf||https://library.oapen.org/bitstream/20.500.12657/50535/1/9781315669014_10.4324_9781315669014-17.pdf">https://library.oapen.org/bitstream/20.500.12657/50535/1/9781315669014_10.4324_9781315669014-17.pdf||https://library.oapen.org/bitstream/20.500.12657/50535/1/9781315669014_10.4324_9781315669014-17.pdf</a> |
| 942 ## - ADDED ENTRY ELEMENTS (KOHA) | |
| Koha item type | E-Books |
| Withdrawn status | Lost status | Damaged status | Not for loan | Home library | Current library | Date acquired | Total Checkouts | Date last seen | Price effective from | Koha item type |
|---|---|---|---|---|---|---|---|---|---|---|
| Kerala University of Digital Sciences, Innovation and Technology Knowledge Centre | Kerala University of Digital Sciences, Innovation and Technology Knowledge Centre | 16/06/2022 | 16/06/2022 | 16/06/2022 | E-Books |